000 00337nam a22001457a 4500
008 240205b ||||| |||| 00| 0 eng d
020 _a087488070
041 _aeng
080 _21978
_a616.12
082 _a616.12
100 _a12
101 _aKARDIOLOGJI
245 _aARRHYTHMIAS CASE STUDIES
_cLESTER B JACOBSON
942 _2udc
_cBK
999 _c60574
_d60574